| 000 | 00618nam a2200241Ia 4500 | ||
|---|---|---|---|
| 003 | IT-RoPAU | ||
| 008 | 120407s9999 xx 000 0 und d | ||
| 040 | _aIT-RoPAU | ||
| 040 | _cIT-RoPAU | ||
| 041 | _aita | ||
| 100 | _aJosef Lenzenweger | ||
| 100 | _ccur. | ||
| 245 | _aStoria della Chiesa cattolica. A cura di J. Lenzenweger - P. Stockmeier - K. Amon - R. Zinnhobler - L. Giovannini. | ||
| 250 | _aCinisello Balsamo | ||
| 260 | _aEdizioni Paoline | ||
| 260 | _c1989 | ||
| 300 | _a878 p. | ||
| 300 | _c21 cm | ||
| 490 | _aStoria della Chiesa/Sussidi | ||
| 490 | _v11 | ||
| 942 | _cBK | ||
| 999 |
_c37092 _d37092 |
||